Famous People Named Andrew - Statistics

General Stats
  • This quiz has been taken 143 times
  • The average score is 8 of 16
Answer Stats
Picture Hint Answer % Correct
Artist Andy Warhol
84%
Tennis player Andy Murray
73%
Actor Andrew Garfield
71%
US President Andrew Jackson
71%
Composer Andrew Lloyd Webber
61%
Actor Andy Garcia
56%
US President Andrew Johnson
46%
Tennis player Andy Roddick
43%
Singer Andy Williams
43%
New Testament figure St. Andrew
42%
Industrialist Andrew Carnegie
40%
Cricket player Andrew Flintoff
38%
Actor Andy Serkis
38%
Singer Andrew Ridgeley
34%
Journalist Andrew Marr
25%
UK Prime Minister Andrew Bonar Law
14%
No matching quizzes found
Score Distribution
Percent of People with Each Score
Percentile by Number Answered
Your Score History
You have not taken this quiz